[Event "Florianopolis Winter op 5th"]
[Site "Florianopolis"]
[Date "2019.08.31"]
[Round "4"]
[White "Ferraz, Joao Vitor Koenig"]
[Black "Calcada, Henrique Galvan"]
[Result "0-1"]
[WhiteElo "1735"]
[BlackElo "1289"]
[PlyCount "40"]
[EventDate "2019.08.30"]
[EventType "swiss"]
[EventRounds "7"]
[EventCountry "BRA"]
[SourceTitle "EXT 2020"]
[Source "ChessBase"]
[SourceDate "2019.10.17"]
[SourceVersion "1"]
[SourceVersionDate "2019.10.17"]
[SourceQuality "1"]

1. d4 Nf6 2. c4 g6 3. Nc3 Bg7 4. e4 d6 5. Nf3 0-0 6. Be2 e5 7. d5 a5 8. Bg5 h6 9. Bd2 Na6 10. 0-0 Nc5 11. Qc2 Nh5 12. Ne1 Nf4 13. Bf3 f5 14. g3 fxe4 15. Nxe4 Nh3+ 16. Kh1 Bf5 17. Bg2 Bxe4 18. Bxe4 Nxe4 19. Qxe4 Nxf2+ 20. Rxf2 Rxf2 0-1

[Event "Florianopolis Winter op 5th"]
[Site "Florianopolis"]
[Date "2019.08.31"]
[Round "5"]
[White "Silva, Guilherme Henrique"]
[Black "Ferraz, Joao Vitor Koenig"]
[Result "1/2-1/2"]
[WhiteElo "1608"]
[BlackElo "1735"]
[PlyCount "34"]
[EventDate "2019.08.30"]
[EventType "swiss"]
[EventRounds "7"]
[EventCountry "BRA"]
[SourceTitle "EXT 2020"]
[Source "ChessBase"]
[SourceDate "2019.10.17"]
[SourceVersion "1"]
[SourceVersionDate "2019.10.17"]
[SourceQuality "1"]

1. d4 Nf6 2. c4 e6 3. Nf3 d5 4. g3 Bb4+ 5. Nbd2 0-0 6. Bg2 c6 7. 0-0 Nbd7 8. Qc2 Re8 9. a3 Bd6 10. Re1 e5 11. dxe5 Nxe5 12. Nxe5 Bxe5 13. Nf3 Bc7 14. cxd5 Qxd5 15. b4 Bf5 16. Qd2 Qc4 17. Bb2 Ne4 1/2-1/2